| 000 | 00352nam a2200121Ia 4500 | ||
|---|---|---|---|
| 008 | 241015s9999 xx 000 0 und d | ||
| 041 | _aeng | ||
| 082 | _a519.5 SHA | ||
| 100 | _aSharma | ||
| 245 | _aStatistic For Business And Economics : Using Microsoft Excel & Powered By IBM-SPSS | ||
| 260 |
_bWiley India _aNew Delhi _c2022 |
||
| 300 | _a526;. P. 28 cm | ||
| 999 |
_c41819 _d41819 |
||